| 000 | 01276nam a2200241Ia 4500 | ||
|---|---|---|---|
| 003 | Ost | ||
| 005 | 20260507075647.0 | ||
| 008 | 260507s9999||||xx |||||||||||||| ||und|| | ||
| 020 | _a7125673977 | ||
| 040 | _cfsecg | ||
| 041 | _aara | ||
| 082 | _a350.15 | ||
| 100 |
_aعاشور، أحمد صقر _eمؤلف |
||
| 245 | 0 |
_aتنمية المهارات القيادية والسلوكية : _bتدريبات وأنشطة / _c أحمد صقر عاشور |
|
| 260 |
_aالقاهرة: _bالمنظمة العربية للتنمية الإدارية, _c1997 |
||
| 300 |
_a253 صفحة؛ _bإيضاحات ؛ _c24 سم |
||
| 520 | _aارشادات لفاعلية استخدام الدليل- التعامل مع المدركات- إثارة الدوافع- الحوافز- تنمية الرضى عن العمل- تحقيق الإنضباط- قيم الافراد وقيم المنظمة- ضغوط العمل- قيادة فريق العمل- تحليل الفريق - القيادة الموقفية- إدارة الإجتماعات- قرارات التفويض. | ||
| 653 | _aالتدريب الإداري | ||
| 653 | _aالقيادة | ||
| 653 | _aالمهارات | ||
| 700 |
_a السيد، أسماعيل محمد،وآخرون _eمؤلف ثانوي |
||
| 942 | _cكتاب | ||
| 999 |
_c45517 _d45517 |
||